• 首页
  • 本馆介绍
  • 公告通知
  • 最新文献
  • 馆藏检索
  • 电子资源
  • 读者导购
  • 参考咨询
  • 我的图书馆
  • 登录
  • 详细信息显示
  • 放入我的书架
  • 预约/预借图书
  • 作者相关作品
  • 分类相关作品
  • 丛书相关作品
  • 出版社相关作品

书目信息

  • 表格格式
  • 工作单格式
  • 卡片格式
题名:
32式太极剑及其防身应用
    
 
作者: 陈占奎 编著
分册:  
出版信息: 北京   北京体育大学出版社  2001
页数: 172页
开本: 19cm
丛书名:
单 册:
中图分类: G825.24
科图分类:
主题词: 剑术(武术)--中国 , 剑术(武术) , 田径运动
电子资源:
ISBN: 7-81051-497-0
000 00858nam0 2200253 450
001 1242704766
005 20121007115233.65
010    @a7-81051-497-0@dCNY9.00
100    @a20010802d2001 em y0chiy0110 ea
101 0  @achi
102    @aCN@b110000
105    @aa z 000yy
200 1  @a32式太极剑及其防身应用@A32 shi tai ji jian ji qi fang shen ying yong@f陈占奎等编著
210    @a北京@c北京体育大学出版社@d2001
215    @a172页@c照片@d19cm
330    @a本书内容包括太极剑基本知识、基本剑法、学练方法、使读者更好地理解和掌握动作,文中的动作大量采用了分解教学法,并介绍了易犯错误与纠正方法以及每一个动作的攻防含义等。
606 0  @a剑术(武术)@y中国
606 0  @a剑术(武术)
606 0  @a田径运动
610 0  @a太极剑
690    @aG825.24@v4
701  0 @a陈占奎@Achen zhan kui@4编著
801  0 @aCN@bNLC@c20101222
905    @a10447@dG825.24@eJY172
    
    32式太极剑及其防身应用/陈占奎等编著.-北京:北京体育大学出版社,2001
    172页:照片;19cm
    
    
    ISBN 7-81051-497-0:CNY9.00
    本书内容包括太极剑基本知识、基本剑法、学练方法、使读者更好地理解和掌握动作,文中的动作大量采用了分解教学法,并介绍了易犯错误与纠正方法以及每一个动作的攻防含义等。
●
相关链接 在E读中查询图书 在五车中查询图书 在当当中查询图书 在豆瓣中查询图书


正题名:32式太极剑及其防身应用     索取号:G825.24/JY172         预约/预借

序号 登录号 条形码 馆藏地/架位号 状态 备注
1 7828483   278284839   学院路分馆/ [索取号:G825.24/JY172] 在馆    
2 7828484   278284848   学院路分馆/ [索取号:G825.24/JY172] 在馆    
3 7828485   278284857   学院路分馆/ [索取号:G825.24/JY172] 在馆    
4 7828486   278284866   学院路分馆/ [索取号:G825.24/JY172] 在馆    
唐山师范学院图书馆 欢迎您!
大连网信软件有限公司© 版权所有